Turbinas y compresores de gas : (Record no. 181596)

MARC details
000 -LEADER
campo de control de longitud fija 00813nam a2200241 i 4500
001 - NÚMERO DE CONTROL
campo de control 181596
003 - IDENTIFICADOR DE NÚMERO DE CONTROL
campo de control ES-MaACL
005 - FECHA Y HORA DE LA ÚLTIMA TRANSACCIÓN
campo de control 20231020135949.0
008 - DATOS DE LONGITUD FIJA--INFORMACIÓN GENERAL
campo de control de longitud fija 130221s2012 sp a | |||||||| | spa d
020 ## - NÚMERO INTERNACIONAL ESTÁNDAR DEL LIBRO
Número Internacional Estándar del Libro 978-84-267-1895-2
080 ## - NÚMERO DE LA CLASIFICACIÓN DECIMAL UNIVERSAL
Número de la Clasificación Decimal Universal 621.438
080 ## - NÚMERO DE LA CLASIFICACIÓN DECIMAL UNIVERSAL
Número de la Clasificación Decimal Universal 621.515
100 1# - ENTRADA PRINCIPAL--NOMBRE DE PERSONA
Nombre de persona Gil García, Gregorio.
9 (RLIN) 138102
245 10 - MENCIÓN DEL TÍTULO
Título Turbinas y compresores de gas :
Resto del título los motores del siglo XXI /
Mención de responsabilidad, etc. Gregorio Gil García.
260 ## - PUBLICACIÓN, DISTRIBUCIÓN, ETC.
Lugar de publicación, distribución, etc. Barcelona :
Nombre del editor, distribuidor, etc. Marcombo,
Fecha de publicación, distribución, etc. [2012]
300 ## - DESCRIPCIÓN FÍSICA
Extensión 599 p. :
Otras características físicas il., gráf. ;
Dimensiones 24 cm.
650 #7 - PUNTO DE ACCESO ADICIONAL DE MATERIA--TÉRMINO DE MATERIA
Término de materia o nombre geográfico como elemento de entrada Turbinas de gas.
9 (RLIN) 143511
650 #4 - PUNTO DE ACCESO ADICIONAL DE MATERIA--TÉRMINO DE MATERIA
Término de materia o nombre geográfico como elemento de entrada Turbocrompresores.
9 (RLIN) 152330
852 ## - LOCALIZACIÓN
Ubicación ES-MaACL
Número de control de estantería A-12663
itemnumber 188499
Sublocalización o colección R.149088
Ubicación en estantería Depósito 1
Signatura antigua Olim: N-5664
Encuadernación Donación: Gregorio Gil García
903 ## - NOMBRE PERSONAL DE DONANTE
9 138102
a Gil García, Gregorio
e Donante
942 ## - ELEMENTOS DE ENTRADA SECUNDARIOS (KOHA)
Fuente del sistema de clasificación o colocación Clasificación decimal universal
Tipo de ítem Koha Libro impreso
Holdings
Estatus retirado Estado de pérdida Fuente del sistema de clasificación o colocación Estado de daño No para préstamo Colección Biblioteca de origen Biblioteca actual Ubicación en estantería Fecha de adquisición Fuente de adquisición Total de préstamos Signatura topográfica completa Código de barras Visto por última vez Precio de reemplazo Tipo de ítem Koha Nota pública
    Clasificación decimal universal     Libros con dedicatorias Biblioteca del Ateneo de Madrid Biblioteca del Ateneo de Madrid Depósito 1 21/02/2013 Donación   A-12663 1190840 23/02/2023 23/02/2023 Libro impreso Dedicatoria autógrafa del autor